Chile a color: Geografía

Uloženo v:
Podrobná bibliografie
Médium: Kniha
Jazyk:španělština
Vydáno: Santiago Antártica S. A 1988
Vydání:3a. ed
Témata:
Tagy: Přidat tag
Žádné tagy, Buďte první, kdo vytvoří štítek k tomuto záznamu!

MARC

LEADER 00000cam a2200000 a 4500
001 UCC5290
003 CL-VaPUC
008 181005e19880000cl |||||||||||||||||spa|d
082 0 4 |a 918.3  |b CHI  |2 21 
245 1 0 |a Chile a color: Geografía 
250 |a 3a. ed 
300 |a 499 p 
942 |c BK 
945 |d 20181005 11:02:00  |a dcastane 
260 |a Santiago  |b Antártica S. A  |c 1988 
650 7 |a GEOGRAFIA CHILENA  |2 CL-VaPUC  |9 421027 
650 0 |a Geografía física   |9 259347 
650 0 |a Geografía política  |9 268296 
583 |a last modification  |c 20181012 10:35:39  |k Rodrigo Vera 
999 |c 372543  |d 372541 
952 |0 0  |1 0  |3 erd  |4 0  |6 918_300000000000000_CHI_1988  |7 0  |8 X  |9 490226  |a FDOBUD  |b FDOBUD  |i 550080K  |o 918.3 CHI 1988  |p 550080K  |r 2019-11-24  |w 2019-11-24  |y BK_X  |z Catalogado en:20181005  |k BUD